• 首页
  • 本馆介绍
  • 公告通知
  • 最新文献
  • 馆藏检索
  • 电子资源
  • 读者导购
  • 参考咨询
  • 我的图书馆
  • 登录
  • 详细信息显示
  • 放入我的书架
  • 预约/预借图书
  • 作者相关作品
  • 分类相关作品
  • 丛书相关作品
  • 出版社相关作品

书目信息

  • 表格格式
  • 工作单格式
  • 卡片格式
题名:
金匮要略方论
    
 
作者: 张仲景 著 ;王振国 校注
分册:  
出版信息: 北京   中国盲文出版社  2013.05
页数: 120页
开本: 26cm
丛书名: 中医经典必读丛书
单 册:
中图分类: R222.3
科图分类:
主题词:
电子资源:
ISBN: 978-7-5002-4262-8
000 00998oam2 2200277 450
001 0102100419
005 20210402100820.0
010    @a978-7-5002-4262-8@dCNY16.00
100    @a20130713e20172013em y0chiy50 ea
101 0  @achi
102    @aCN@b110000
105    @ay z 000yy
106    @ar
200 1  @a金匮要略方论@Ajin kui yao lue fang lun@f(汉)张仲景著@g王振国校注
210    @a北京@c中国盲文出版社@d2013.05@h2017.05
215    @a120页@d26cm
225 2  @a中医经典必读丛书
300    @a国家彩票公益金资助大字版
330    @a本书共3卷25篇,第1篇为脏腑经络先后病脉证;第2-17篇论及痉病、湿病、百合病、中风、血痹等内科杂病;第18-19篇论及外科病;第20-22篇论及妇人妊娠及产后诸病;第23-25篇论述杂疗方、禽兽鱼虫及果实菜谷禁忌并治等。
461  0 @12001 @a中医经典必读丛书
605    @a《金匮要略方论》
690    @aR222.3@v5
701  0 @c(汉)@a张仲景@Azhang zhong jing@4著
702  0 @a王振国@Awang zhen guo@4校注
801  0 @aCN@bBJSZM@c20210402
905    @b1275701-4@dR222.3@e561@f4
    
    金匮要略方论/(汉)张仲景著/王振国校注.-北京:中国盲文出版社,2013.05(2017.05)
    120页;26cm.-(中医经典必读丛书)
    国家彩票公益金资助大字版
    
    ISBN 978-7-5002-4262-8:CNY16.00
    本书共3卷25篇,第1篇为脏腑经络先后病脉证;第2-17篇论及痉病、湿病、百合病、中风、血痹等内科杂病;第18-19篇论及外科病;第20-22篇论及妇人妊娠及产后诸病;第23-25篇论述杂疗方、禽兽鱼虫及果实菜谷禁忌并治等。
●
相关链接 在E读中查询图书 在五车中查询图书 在当当中查询图书 在豆瓣中查询图书


正题名:金匮要略方论     索取号:R222.3/561         预约/预借

序号 登录号 条形码 馆藏地/架位号 状态 备注
1 1275701   212757015   第二样本阅览室/ [索取号:R222.3/561] 在馆    
2 1275702   212757024   教育系资料室/ [索取号:R222.3/561] 在馆    
3 1275703   212757033   教育系资料室/ [索取号:R222.3/561] 在馆    
4 1275704   212757042   第三借阅区/ [索取号:R222.3/561] 在馆    
唐山师范学院图书馆 欢迎您!
大连网信软件有限公司© 版权所有